000 00696cam a22002171 4500
001 sa 64009199
003 DLC
005 20260227112100.0
008 850515s1962 io f000 0 ind
010 _asa 64009199
035 _a(OCoLC)12039467
040 _aDLC
_cIDeKN
_dDLC
042 _apremarc
043 _aa-io---
050 0 0 _aDS644.2.1962
_b.A6
100 1 _aAbdulgani, Roeslan,
_d1914-
245 1 0 _aHari Pahlawan meletus karena matangnja kondisi-kondisi rakjat Indonesia :
_bsambutan Roeslan Abdulgani mendjelang Hari Pahlawan tanggal 10 Nopember 1962.
260 _aDjakarta :
_bDepartemen Penerangan,
_b1962.
300 _a20 p. ;
_c21 cm.
440 0 _aPenerbitan chusus ;
_v240
999 _c61307
_d61307